Finančné technológie a ich vplyv na bankový sektor bakalárska práca

Na minha lista:
Detalhes bibliográficos
Autor principal: Hartmann, Filip
Autor Corporativo: Obchodná fakulta EU. Katedra marketingu
Outros Autores: Filo, Peter
Formato: Livro
Idioma:eslovaco
Publicado em: Bratislava 2018
Tags: Adicionar Tag
Sem tags, seja o primeiro a adicionar uma tag!

MARC

LEADER 00000nbm a2200000 4500
001 0244991
005 20180815084057.1
041 0 |a slo 
044 |a SK 
245 1 0 |a Finančné technológie a ich vplyv na bankový sektor  |b bakalárska práca  |c Filip Hartmann ; školiteľ: Peter Filo 
264 1 |a Bratislava  |c 2018 
300 |a 65 s. 
100 1 |a Hartmann, Filip 
700 1 |a Filo, Peter 
710 2 |a Obchodná fakulta EU. Katedra marketingu